Everyone to Receive an Electoral Vote - Statistics

General Stats
  • This quiz has been taken 23 times
  • The average score is 54 of 120
Answer Stats
Total # of Votes Elections Candidate % Correct
1,876 1932,1936,1940,1944 Franklin Delano Roosevelt
90%
424 1904,1912 Theodore Roosevelt
90%
697 2008,2012 Barack Obama
85%
749 1992,1996 Bill Clinton
85%
95 1808,1812 DeWitt Clinton
85%
66 1788,1792,1796,1808 George Clinton
85%
203 1788,1792,1796 George Washington
85%
227 2016 Hilary Clinton
85%
1,040 1960,1968,1972 Richard Nixon
85%
1,015 1976,1980,1984 Ronald Reagan
85%
392 1860,1864 Abraham Lincoln
80%
496 1824,1828,1832 Andrew Jackson
80%
1 1788 Benjamin Lincoln
80%
848 2016,2020,2024 Donald Trump
80%
899 1952,1956 Dwight Eisenhower
80%
594 1988,1992 George H.W. Bush
80%
557 2000,2004 George W. Bush
80%
303 1948 Harry Truman
80%
346 1976,1980 Jimmy Carter
80%
303 1960 John F. Kennedy
80%
226 2024 Kamala Harris
80%
486 1964 Lyndon B. Johnson
80%
382 1924 Calvin Coolidge
75%
503 1928,1932 Herbert Hoover
75%
306 2020 Joe Biden
75%
307 1792,1796,1800,1804 Thomas Jefferson
75%
266 2000 Al Gore
70%
240 1976 Gerald Ford
70%
214 1880 James Garfield
70%
247 1788,1792,1796,1800 John Adams
70%
167 1824,1828 John Quincy Adams
70%
15 1796 Samuel Adams
70%
500 1868,1872 Ulysses S. Grant
70%
712 1912,1916 Woodrow Wilson
70%
378 1888,1892 Benjamin Harrison
65%
170 1844 James K. Polk
65%
414 1816,1820 James Monroe
65%
173 2008 John McCain
65%
230 1836,1840 Martin Van Buren
65%
6 1788 Robert Harrison
65%
404 1920 Warren G. Harding
65%
307 1836,1840 William Henry Harrison
65%
563 1896,1900 William McKinley
65%
329 1908,1912 William Taft
65%
664 1884,1888,1892 Grover Cleveland
60%
174 1856 James Buchanan
60%
8 1856 Millard Fillmore
60%
288 1944, 1948 Thomas Dewey
60%
87 1928 Al Smith
55%
250 1808,1812 James Madison
55%
185 1876 Rutherford B. Hayes
55%
31 1792,1796 Aaron Burr
50%
254 1852 Franklin Pierce
50%
251 2004 John Kerry
50%
206 2012 Mitt Romney
50%
13 1984 Walter Mondale
50%
163 1848 Zachary Taylor
50%
159 1996 Bob Dole
45%
191 1824,1832,1844 Henry Clay
45%
12 1860 Stephen A. Douglas
45%
493 1896,1900,1908 William Jennings Bryan
45%
162 1952,1956 Adlai Stevenson
40%
46 1968 George Wallace
40%
8 1936 Alf Landon
35%
191 1968 Hubert Humphrey
35%
52 1964 Barry Goldwater
30%
18 1872 Benjamin Gratz Brown
30%
1 2016 Bernie Sanders
30%
1 2016 Faith Spotted Eagle
30%
72 1860 John Breckinridge
30%
4 1788 John Hancock
30%
15 1788,1796,1800 John Jay
30%
111 1988 Michael Dukakis
30%
155 1880 Winfield Scott Hancock
30%
62 1796,1804,1808 Charles Cotesworth Pinckney
25%
1 1872 David Davis
25%
21 1864 George McClellan
25%
17 1972 George McGovern
25%
26 1836 Hugh L. White
25%
136 1924 John Davis
25%
34 1816 Rufus King
25%
59 1796 Thomas Pinckney
25%
254 1916 Charles Evans Hughes
20%
14 1836 Daniel Webster
20%
15 1960 Harry Byrd`
20%
22 1892 James B. Weaver
20%
182 1884 James G. Blaine
20%
39 1860 John Bell
20%
1 2004 John Ewards
20%
114 1856 John Frémont
20%
2 1796 John Henry
20%
13 1924 Robert M. La Follette
20%
184 1876 Samuel Tilden
20%
39 1948 Strom Thurmond
20%
82 1940 Wendell Willkie
20%
42 1852 Winfield Scott
20%
140 1904 Alton B. Parker
15%
80 1868 Horatio Seymour
15%
127 1920 James Cox
15%
1 1972 John Hospers
15%
1 2016 John Kasich
15%
127 1848 Lewis Cass
15%
1 2016 Ron Paul
15%
2 1796 Samuel Johnston
15%
1 1956 Walter Jones
15%
41 1824 William Crawford
15%
11 1836 Willie Mangum
15%
2 1872 Charles J. Jenkins
10%
3 2016 Colin Luther Powell
10%
11 1832 John Floyd
10%
2 1788 John Milton
10%
1 1988 Lloyd Bentsen
10%
11 1796 Oliver Ellsworth
10%
7 1832 William Wirt
10%
1 1788 Edward Telfair
5%
1 1788 James Armstrong
5%
3 1796 James Iredell
5%
6 1788 John Rutledge
5%
2 1788 Samuel Huntington
5%
42 1872 Thomas A. Hendricks
5%
No matching quizzes found
Score Distribution
Percent of People with Each Score
Percentile by Number Answered
Your Score History
You have not taken this quiz